| 000 | 01141nam a22002177a 4500 | ||
|---|---|---|---|
| 005 | 20210325174803.0 | ||
| 008 | s2538 th tha d | ||
| 041 | _atha | ||
| 050 | _aPL4209.5 ภ7 2538 | ||
| 100 | 0 | _aภูมิพลอดุลยเดช, พระบาทสมเด็จพระเจ้าอยู่หัว | |
| 245 | 1 | 0 | _aประมวลพระราชดำรัสและพระบรมราโชวาทที่พระราชทานในโอกาสต่าง ๆ ปีพุทธศักราช 2537 |
| 260 | 3 |
_aกรุงเทพฯ : _bอมรินทร์พริ้นติ้ง แอนด์พับลิชชิ่ง, _c2538 |
|
| 300 |
_a709 หน้า ; _b 26 ซม. |
||
| 650 | 0 | 4 | _aคำกราบบังคมทูล |
| 650 | 0 | 4 | _aพระราชดำรัส |
| 650 | 0 | 4 | _aภูมิพลอดุลยเดช, พระบาทสมเด็จพระเจ้าอยู่หัว -- พระราชดำรัส |
| 850 | _aNALT | ||
| 942 | _cGB | ||
| 997 | _c000000000004957 | ||
| 998 | _aSOPAPORN | ||
| 999 |
_c4957 _d4957 |
||